| 000 | 00486nam a2200169Ia 4500 | ||
|---|---|---|---|
| 999 |
_c27848 _d27848 |
||
| 003 | OSt | ||
| 005 | 20201223121602.0 | ||
| 008 | 190216s9999||||xx |||||||||||||| ||und|| | ||
| 040 | _coclc | ||
| 082 |
_a894.8128 _bTHO/M |
||
| 100 |
_aThomas, K M _97809 |
||
| 245 | 0 |
_aMundasseriyum Malayala Niroopanavum / _cK M Thomas |
|
| 260 |
_bCurrent Books, _aThrissur: _c1994. |
||
| 300 | _a176p | ||
| 650 | _aPadanam | ||
| 942 |
_cBK _2ddc _h894.8128 _iTHO/M _k894.8128 _mTHO/M |
||